000 00651nam a2200217Ia 4500
003 GCL
008 140319s9999 xx 000 0 ara d
040 _aGCL /
_cGCL
082 0 4 _a813.0876
_bع ا
100 1 _aعزة الغنام
245 1 0 _aالابداع الفنىفى قصص الخيال العلمى /
_cعزة الغنام
260 _a[S.N] :
_bمكتبة الانجلوالمصرية ،
_c1988
300 _a191 ص
490 _a
650 0 4 _aالادب العربى
650 0 4 _aالقصص
650 0 4 _aالقصص العلمية
650 0 4 _aالقصص العالمية
650 0 4 _aالمجموعات
942 _2ddc
_cBK
999 _c32661
_d32661